Heavy Metal Band by Member's Death - Statistics

General Stats
  • This quiz has been taken 219 times
  • The average score is 5 of 9
Answer Stats
Cause of Death/Band Name % Correct
Tour bus accident in Sweden (Metallica) Cliff Burton
89%
Heart Failure (Motorhead) Lemmy
76%
Stomach Cancer (Dio/Black Sabbath) Ronnie James Dio
76%
Coronary Artery Disease (Pantera/Damageplan) Vinnie Paul
61%
Undisclosed (Slipknot) Joey Jordison
58%
Liver Failure (Slayer) Jeff Hanneman
50%
Airplane crash during a tour (Ozzy Osbourne) Randy Rhoads
50%
Overdose (Slipknot) Paul Gray
42%
Shot on stage by a crazed gunman (Pantera/Damageplan) Dimebag Darrel Abbot
27%
No matching quizzes found
Score Distribution
Percent of People with Each Score
Percentile by Number Answered
Your Score History
You have not taken this quiz